000 00676nam a22002537a 4500
001 32579
003 UA-OsUOA
005 20230913111300.0
007 ta
008 20050207b un ||||| |||| 00| 0 ukr d
020 _a5-319-00301-3
040 _aUA-OsUOA
_brus
_cUA-OsUOA
_dUA-OsUOA
041 _arus
044 _aRU
080 _a34
090 _a34
_bС24
100 _aСветлов А. Я.
245 _aОтветственность неотвратима
_cА. Я. Светлов ; рец. Ю. В. Александров
260 _aК.
_bПолитиздат Украины
_c1989
300 _a192 с.
650 7 _2UDC
942 _cBK
_2udc
955 _a0
999 _c319024
_d319024